|
|
|
|
| LEADER |
00000cam a2200000 a 4500 |
| 001 |
vtls001457495 |
| 003 |
SK-MaSNL |
| 005 |
20260426000933.0 |
| 008 |
240226s2002 xo grf 000 0 slo |
| 015 |
|
|
|a SNBI2003/03-01632
|
| 020 |
|
|
|q (brožované)
|
| 035 |
|
|
|a SNK000412802
|
| 035 |
|
|
|a urn:nbn:sk:snk-am3iwrs
|
| 035 |
|
|
|a 9A2F88BD-E768-43F1-9008-B81970554F14
|
| 035 |
|
|
|a urn:nbn:sk:snk-am00g5y6
|
| 040 |
|
|
|a SNK
|b slo
|c SNK
|e AACR2
|
| 041 |
0 |
|
|a slo
|
| 043 |
|
|
|a e-xo---
|
| 044 |
|
|
|a xo
|c SK
|
| 072 |
|
7 |
|a 328
|x Zastupiteľské orgány. Vlády. Politické systémy jednotlivých krajín
|2 konspekt
|
| 080 |
|
|
|a 324:342.53
|2 2011
|
| 080 |
|
|
|a 328.1
|2 2011
|
| 080 |
|
|
|a 328/329
|2 2011
|
| 080 |
|
|
|a (437.6)
|2 2011
|
| 080 |
|
|
|a (047)
|2 2011
|
| 080 |
|
|
|a (035)
|2 2011
|
| 110 |
1 |
|
|a Slovensko.
|b Národná rada
|n (51 :
|d 2001 :
|c Bratislava, Slovensko)
|4 aut
|9 567131
|
| 245 |
1 |
0 |
|a Správa o 51. schôdzi Národnej rady Slovenskej republiky
|b 7. rokovací deň - 13. septembra 2001 : 8. rokovací deň - 17. septembra 2001 : 2. volebné obdobie
|n 4. časť
|
| 250 |
|
|
|a [1. vydanie]
|
| 260 |
|
|
|a Bratislava
|b Organizačný odbor Kancelárie Národnej rady Slovenskej republiky
|c 2002
|
| 300 |
|
|
|a Strana 612-735
|c 21 cm
|
| 366 |
|
|
|e 139 kusov
|
| 500 |
|
|
|a Názov z obálky
|
| 650 |
0 |
7 |
|a parlamentné voľby
|2 SNKPH
|9 1623
|
| 650 |
0 |
7 |
|a zákonodarné orgány
|2 SNKPH
|9 3645
|
| 650 |
0 |
7 |
|a politika a vláda
|2 SNKPH
|9 3868
|
| 651 |
|
7 |
|a Slovensko
|2 SNKPHgeo
|9 14231
|
| 655 |
|
7 |
|a uznesenia
|2 SNKPH
|9 70216
|
| 655 |
|
7 |
|a správy
|2 SNKPH
|9 70563
|
| 655 |
|
7 |
|a príručky
|2 SNKPH
|9 74364
|
| 958 |
|
|
|a OND
|
| 999 |
|
|
|c 869736
|d 871666
|
| 952 |
|
|
|a SNK
|b SNK
|y PREZ
|7 0
|p 17A0392366
|o snkSC 112442
|i snkKSP 9340/2003
|0 0
|1 0
|4 0
|d 2003-07-30
|f 1
|l 0
|r 2025-10-02 00:00:00
|w 2026-02-24
|
| 952 |
|
|
|a SNK
|b SNK
|y VYP
|7 0
|p 17A0392367
|o snkSC 112442 D1
|i snkKSP 9341/2003
|0 0
|1 0
|4 0
|d 2003-07-30
|l 0
|r 2005-01-02 00:00:00
|w 2026-02-24
|